[Event "98th YMCA Autumn C"]
[Site "Warszawa"]
[Date "2011.12.13"]
[Round "12"]
[White "Maciejewski, Andrzej"]
[Black "Kurowski, Andrzej"]
[Result "1-0"]
[WhiteElo "1772"]
[BlackElo "1844"]
[PlyCount "69"]
[EventDate "2011.09.20"]
[EventType "tourn"]
[EventRounds "1"]
[EventCountry "POL"]
[SourceDate "2011.09.20"]

1. e4 e5 2. Nf3 Nc6 3. Bb5 a6 4. Ba4 d6 5. O-O Bg4 6. c3 Qf6 7. d3 Bxf3 8. Qxf3
Qxf3 9. gxf3 b5 10. Bc2 Nge7 11. f4 exf4 12. Bxf4 Ng6 13. Be3 Be7 14. Nd2 O-O
15. d4 Rfe8 16. f4 Nf8 17. Nf3 Rab8 18. Rae1 Nd7 19. e5 d5 20. f5 Nb6 21. Bg5
Bxg5 22. Nxg5 h6 23. Nh3 b4 24. f6 Nd8 25. Kh1 Ne6 26. fxg7 Nc4 27. Rf6 bxc3
28. bxc3 Nxg7 29. Rg1 Re6 30. Nf4 Kf8 31. Nxe6+ Nxe6 32. Bb3 Nb6 33. Rgf1 Nd8
34. e6 Nxe6 35. Rxe6 1-0

[Event "98th YMCA Autumn C"]
[Site "Warszawa"]
[Date "2011.12.12"]
[Round "13"]
[White "Harazinska, Ewa"]
[Black "Maciejewski, Andrzej"]
[Result "1-0"]
[WhiteElo "1798"]
[BlackElo "1772"]
[Annotator "M"]
[PlyCount "107"]
[EventDate "2011.09.20"]
[EventType "tourn"]
[EventRounds "1"]
[EventCountry "POL"]
[SourceDate "2011.09.20"]

1. d4 Nf6 2. c4 e6 3. Nc3 d5 4. cxd5 exd5 5. Bg5 Bb4 6. Qc2 O-O 7. e3 Nc6 8.
Bd3 h6 9. Bh4 Re8 10. Nge2 Qd6 11. O-O Nh5 12. a3 Bxc3 13. bxc3 Be6 14. f3 Ne7
15. e4 Qd7 16. g4 Bxg4 17. fxg4 Qxg4+ 18. Bg3 Nxg3 19. Nxg3 Ng6 20. Qf2 dxe4
21. Bc4 Kh8 22. Bxf7 Rf8 23. Qe2 Qxe2 24. Nxe2 Nh4 25. Bh5 g6 26. Bg4 h5 27.
Be6 Nf3+ 28. Kh1 Rae8 29. d5 e3 30. Ng1 Ne5 31. Rxf8+ Rxf8 32. Re1 Nc4 33. d6
Nxd6 34. Rxe3 Re8 35. a4 Kg7 36. Re2 Kf6 37. Bb3 Rxe2 38. Nxe2 Ke5 39. Kg2 g5
40. Kf3 Nf5 41. Bf7 g4+ 42. Kf2 h4 43. Bh5 g3+ 44. hxg3 Nxg3 45. Nxg3 hxg3+ 46.
Kxg3 Kd6 $11 47. Kf4 Kc5 48. Be2 c6 49. Ke5 a5 50. Ke4 b5 51. axb5 cxb5 52. Kd3
b4 53. c4 a4 54. Bd1 1-0

[Event "98th YMCA Autumn C"]
[Site "Warszawa"]
[Date "2011.12.02"]
[Round "13"]
[White "Koziol, Pawel"]
[Black "Szelejewski, Jan"]
[Result "1/2-1/2"]
[WhiteElo "1809"]
[BlackElo "1826"]
[Annotator "M"]
[PlyCount "65"]
[EventDate "2011.09.20"]
[EventType "tourn"]
[EventRounds "1"]
[EventCountry "POL"]
[SourceDate "2011.09.20"]

1. Nf3 d5 2. g3 Bg4 3. Bg2 e6 4. O-O Nd7 5. d3 c6 6. Nbd2 Bd6 7. h3 Bh5 8. e4
Ne7 9. Qe1 Qc7 10. c3 O-O 11. d4 e5 12. dxe5 Bc5 13. exd5 Nxd5 14. b4 Bb6 15.
Nc4 Rfe8 16. Nxb6 N5xb6 17. Be3 Nxe5 18. Nxe5 Qxe5 19. Qc1 Qb5 20. Bd4 Re6 21.
Re1 Rae8 22. Rxe6 Rxe6 23. Qf4 Re8 24. Qc7 Nd5 25. Qd7 f6 26. a4 Qc4 27. Bf1
Qb3 28. Qxb7 Nxc3 29. g4 Bf7 30. Bxc3 $11 Qxc3 31. Rd1 Qf3 32. Rd3 Qe4 33. Re3
$11 1/2-1/2

[Event "98th YMCA Autumn C"]
[Site "Warszawa"]
[Date "2011.12.05"]
[Round "13"]
[White "Chomczyk, Marek"]
[Black "Wrabel, Antoni"]
[Result "1-0"]
[WhiteElo "1727"]
[BlackElo "1717"]
[PlyCount "75"]
[EventDate "2011.09.20"]
[EventType "tourn"]
[EventRounds "1"]
[EventCountry "POL"]
[SourceDate "2011.09.20"]

1. e4 e5 2. Nf3 Nc6 3. Bc4 Be7 4. d4 exd4 5. Nxd4 Ne5 6. Bb3 Nf6 7. f4 Nc6 8.
e5 Ne4 9. Nf5 d5 10. Qxd5 Qxd5 11. Nxg7+ Kf8 12. Bxd5 Nc5 13. Bxc6 Kxg7 14. Bf3
Bf5 15. Na3 f6 16. g4 Be4 17. Bxe4 Nxe4 18. Be3 fxe5 19. fxe5 Bh4+ 20. Ke2 Rhe8
21. Nb5 Re7 22. Nd4 Kg8 23. Nf5 Rxe5 24. Nxh4 Nf6 25. Rhg1 Rae8 26. Nf5 Nd5 27.
Rg3 Kf7 28. Rf1 Kg6 29. h4 h6 30. h5+ Kh7 31. c4 Nxe3 32. Rxe3 Re4 33. Rxe4
Rxe4+ 34. Ne3 Kg7 35. Kd3 Re6 36. Rf4 c6 37. b4 Rd6+ 38. Rd4 1-0

[Event "98th YMCA Autumn C"]
[Site "Warszawa"]
[Date "2011.12.05"]
[Round "13"]
[White "Krzyzanowski, Antoni"]
[Black "Prus, Marek"]
[Result "1-0"]
[WhiteElo "1743"]
[BlackElo "1782"]
[PlyCount "63"]
[EventDate "2011.09.20"]
[EventType "tourn"]
[EventRounds "1"]
[EventCountry "POL"]
[SourceDate "2011.09.20"]

1. e4 e6 2. d4 c5 3. d5 exd5 4. exd5 d6 5. Nc3 Nf6 6. Nf3 Be7 7. Bd3 O-O 8. h3
Na6 9. O-O Nc7 10. Re1 Re8 11. Bf4 h6 12. Qd2 Bd7 13. a4 Bf8 14. Bc4 a6 15. a5
Bb5 16. b3 Qd7 17. Qd3 g5 18. Bh2 Bg7 19. Rad1 Rad8 20. Re3 Rxe3 21. fxe3 Re8
22. e4 Nh5 23. Ne2 Qd8 24. g4 Nf6 25. e5 Nfxd5 26. exd6 Na8 27. Qxd5 Rxe2 28.
Qxf7+ Kh8 29. Bxe2 Bxe2 30. Re1 Bb5 31. Re7 Qf8 32. d7 1-0

[Event "98th YMCA Autumn C"]
[Site "Warszawa"]
[Date "2011.12.12"]
[Round "13"]
[White "Palka, Dominika"]
[Black "Sawicki, Wojciech"]
[Result "0-1"]
[WhiteElo "1793"]
[BlackElo "1759"]
[PlyCount "102"]
[EventDate "2011.09.20"]
[EventType "tourn"]
[EventRounds "1"]
[EventCountry "POL"]
[SourceDate "2011.09.20"]

1. d4 Nf6 2. c4 g6 3. Nc3 Bg7 4. e4 d6 5. Nf3 O-O 6. Be2 e5 7. O-O Nc6 8. d5
Ne7 9. Ne1 Nd7 10. Be3 f5 11. f3 f4 12. Bf2 g5 13. b4 Nf6 14. Nd3 Ng6 15. c5
Rf7 16. Nb2 Bf8 17. Nc4 h5 18. Rc1 g4 19. cxd6 cxd6 20. Nb5 gxf3 21. Bxf3 Ng4
22. Bxa7 Bd7 23. Bb6 Qh4 24. h3 Bxb5 25. hxg4 hxg4 26. Bxg4 Rg7 27. Be6+ Kh8
28. Rf3 Qg5 29. Rf2 Nh4 30. Bh3 Be7 31. Na5 f3 32. Qd2 Qxd2 33. Rxd2 Bg5 34.
Rdc2 Bxc1 35. Rxc1 fxg2 36. Rc3 Rf8 37. Bf5 Nxf5 38. Rf3 Bf1 39. exf5 Rc8 40.
f6 Rf7 41. Rh3+ Kg8 42. Rg3+ Kh7 43. Rf3 Kg6 44. Be3 Rxf6 45. Rg3+ Kf7 46. Nxb7
Rh8 47. Rxg2 Bxg2 48. Kxg2 Rg8+ 49. Kh1 Ke7 50. a4 Rf3 51. Bg1 Rf1 0-1